| 000 | 00672nam a22001817a 4500 | ||
|---|---|---|---|
| 003 | BD-ChCU | ||
| 005 | 20250813145503.0 | ||
| 008 | 250813b bg ||||| |||| 00| 0 ben d | ||
| 020 | _a9847000001139 | ||
| 040 | _cBD-ChCU | ||
| 082 | _a২০০.১ রহ ৫৫ ধ | ||
| 100 |
_aরহমান, এম. মতিউর _911311 |
||
| 245 |
_aধর্মদর্শন পরিচিতি/ _cরহমান, এম. মতিউর |
||
| 260 |
_aঢাকা: _bজাতীয় সাহিত্য প্রকাশ, _c২০১৭ |
||
| 300 | _a২২৪ পৃ. | ||
| 650 | 0 |
_aধর্ম-দর্শন দর্শন _911312 |
|
| 942 |
_2ddc _cBK _n0 |
||
| 999 |
_c107301 _d107301 |
||